LEADER 01004nam a2200241 i 4500 001 000000157640 003 CaOOAMICUS 005 20070115000000.0 008 070115s1983 it u000 u ita u 013 $a134996 040 $aSeMil$bita 100 1 $aBaccolo, Luigi.$0(OLS)http://semarc/name/61520 245 13$aLa Marchesa de Brinvilliers e le signore dei veleni /$cLuigi Bāccolo. 260 $aMilano :$bRusconi,$c1983. 300 $a221 p., [12] p. di tav. ;$c22 cm. 500 $aContiene : Appendice. - Fondo Card. Giovanni Colombo. 600 14$aAubray, Marie-Madeleine : de .$0(OLS)http://semarc/subject/30853 850 $aSeMil 852 $aSeMil$W1$xVenegono$y1$m1C IV 146$j109318$B109318$CSeMilBibl$Z2$F118834 $81 941 1 $a3 961 $aLascito: Colombo Card. Giovanni 996 $6245$aLa Marchesa de Brinvilliers e le signore dei veleni$9(OLS)http://semarc/title/231201 996 $6260$aMilano :$bRusconi$9(OLS)http://semarc/publisher/30258 LEADER 00910nam a2200217 i 4500 001 000000214035 003 CaOOAMICUS 005 20120620000000.0 008 120620s1944 it u000 u ita u 013 $a192890 040 $aSeMil$bita 100 1 $aCastelli, Giovanni.$0(OLS)http://semarc/name/56920 245 10$aStoria del santuario di Caravaggio /$cGiovanni Castelli. 260 $a[S.l. :$bs.n.],$c1944$e(Bergamo :$fTavecchi,$g1944) 300 $a268 p. :$bill. ;$c18 cm. 500 $aA pič del front. : Manifattura A. & M. Merisio, Caravaggio. 650 4$aCaravaggio - Santuario di Santa Maria del Fonte.$0(OLS)http://semarc/subject/27867 850 $aSeMil 852 $aSeMil$W1$xVenegono$y1$m3P I 82$j164463$B164463$CSeMilBibl$Z2$F175478 $81 996 $6245$aStoria del santuario di Caravaggio$9(OLS)http://semarc/title/308484 996 $6260$a[S.l. :$bs.n.]$9(OLS)http://semarc/publisher/29751